| 000 | 00868nam a22002177a 4500 | ||
|---|---|---|---|
| 999 |
_c3715 _d3715 |
||
| 003 | OSt | ||
| 005 | 20241002141232.0 | ||
| 008 | 241002b ||||| |||| 00| 0 eng d | ||
| 020 | _a9780008353681 | ||
| 040 | _cKH8 | ||
| 082 | _a812 HOL | ||
| 100 |
_aHollis, Emma, _eauthor. |
||
| 245 |
_aCambridge IGCSE Drama : _bTeacher's Guide / _cEmma Hollis, Gail Deal and Rebekah Beattie. |
||
| 260 |
_aLondon ; _bCollins, _c2019. |
||
| 300 |
_a103, [70] pages : _billustrations ; _c30 cm. |
||
| 520 | _aPrepare for the Cambridge Drama IGCSE 2022 syllabus with an approach that helps to create a varied, stimulating and enjoyable learning environment that enables students of different confidence and ability levels to flourish. | ||
| 650 | _a Drama Study and teaching (Secondary) | ||
| 700 |
_aDeal, Gail, _eauthor. |
||
| 700 |
_aBeattie, Rebekah, _eauthor. |
||
| 942 |
_2ddc _cTR |
||